000 00822nam a2200277 a 4500
005 20200104041511.0
008 140220b1985 ck ||||| |||| 00| 0 spa d
040 _aCO-BoIAVH
_cCO-BoIAVH
041 _aspa
044 _ack
082 _a338.16
_bL83z
100 1 _aCortés Lombana, Abdón
_93732
245 _aZonificación agroecológica de Colombia
_bmemoria explicativa
260 _aBogotá
_bIGAC
_c1985
300 _a58 paginas
650 1 6 _aZonas agroecológicas
_97885
650 1 6 _aAgroecología
_9230
650 1 6 _aClima
_964850
650 1 6 _ageomorfología
_964851
662 _aColombia
700 _aOlmos Martínez, Elias
_97886
700 _aPalacino de Walteros, Ana María
_97887
700 _aSuárez Montes, José Guillermo
_97888
700 _aVillaneda Vivas, Edgar
_97889
942 _cLIBRO
_2ddc
999 _c467
_d467